[Event "18. Open de Sants Hostafrancs 2016"]
[Site "Barcelona ESP"]
[Date "2016.08.26"]
[Round "8.46"]
[White "Arenas, David"]
[Black "Lasinskas, Povilas"]
[Result "1-0"]
[WhiteElo "2490"]
[BlackElo "2229"]
[PlyCount "47"]
[EventDate "2016.08.19"]
[EventType "swiss"]
[EventRounds "10"]
[EventCountry "ESP"]
[SourceTitle "Ajedrez en Madrid"]
[Source "lmi"]
[SourceDate "2016.08.19"]

1. e4 e5 2. Nf3 Nc6 3. Bc4 d6 4. c3 Na5 5. Bd3 c5 6. Bc2 Qc7 7. d3 Be7 8. O-O
Nf6 9. Qe2 O-O 10. Rd1 h6 11. Nbd2 Nh7 12. Nf1 f5 13. exf5 Bxf5 14. Ne3 Bg6 15.
Nd5 Qd7 16. d4 Bxc2 17. Qxc2 cxd4 18. cxd4 exd4 19. Nxd4 Nc6 20. Nxc6 bxc6 21.
Qxc6 Qe6 22. Be3 Rac8 23. Nxe7+ Qxe7 24. Qxd6 1-0

[Event "18. Open de Sants Hostafrancs 2016"]
[Site "Barcelona ESP"]
[Date "2016.08.26"]
[Round "8.47"]
[White "Petrosyan, Tigran S"]
[Black "Martorell Aguado, Joan"]
[Result "1-0"]
[WhiteElo "2462"]
[BlackElo "2206"]
[PlyCount "109"]
[EventDate "2016.08.19"]
[EventType "swiss"]
[EventRounds "10"]
[EventCountry "ESP"]
[SourceTitle "Ajedrez en Madrid"]
[Source "lmi"]
[SourceDate "2016.08.19"]

1. e4 c5 2. Nf3 d6 3. d4 cxd4 4. Nxd4 Nf6 5. Nc3 Nc6 6. Bg5 e6 7. Qd2 a6 8.
O-O-O Bd7 9. f4 b5 10. Bxf6 gxf6 11. Kb1 Qb6 12. Nxc6 Bxc6 13. f5 b4 14. Ne2 e5
15. Ng3 h5 16. h4 Qc5 17. Bd3 Bh6 18. Qe2 Ke7 19. Nxh5 a5 20. Rh3 a4 21. g4 a3
22. Bc4 Bf4 23. Nxf4 exf4 24. Bd5 Rac8 25. h5 Bxd5 26. Rxd5 Qc4 27. Rhd3 f3 28.
Qd2 Rc6 29. R5d4 Qc5 30. Rxf3 Rhc8 31. Rf2 b3 32. axb3 axb2 33. Ra4 R8c7 34.
Qd4 Qb5 35. Kxb2 Rc5 36. h6 Qc6 37. Rc4 Rxc4 38. bxc4 Qa4 39. Kc3 Qa1+ 40. Kd3
Qd1+ 41. Ke3 Qxg4 42. Kd2 Qg5+ 43. Qe3 Rxc4 44. Qxg5 fxg5 45. h7 Rc8 46. f6+
Ke6 47. Rh2 Rh8 48. Rh6 Ke5 49. Ke3 g4 50. c4 g3 51. Kf3 g2 52. Kxg2 Kf4 53.
Kf2 Kg5 54. Rh1 Kxf6 55. Ke3 1-0

[Event "18. Open de Sants Hostafrancs 2016"]
[Site "Barcelona ESP"]
[Date "2016.08.26"]
[Round "8.48"]
[White "Franco Valencia, Beatriz Irene"]
[Black "Mullon, Jean-baptiste"]
[Result "1/2-1/2"]
[WhiteElo "2192"]
[BlackElo "2412"]
[PlyCount "136"]
[EventDate "2016.08.19"]
[EventType "swiss"]
[EventRounds "10"]
[EventCountry "ESP"]
[SourceTitle "Ajedrez en Madrid"]
[Source "lmi"]
[SourceDate "2016.08.19"]

1. d4 Nf6 2. Nf3 b6 3. c4 Bb7 4. Nc3 e6 5. a3 g6 6. e3 Bg7 7. Be2 O-O 8. Qc2 c5
9. O-O Qe7 10. Rd1 cxd4 11. Nxd4 d5 12. cxd5 exd5 13. Bf3 Nbd7 14. Bd2 Rac8 15.
Qb3 Nc5 16. Qa2 Rfd8 17. Be1 h5 18. Rac1 h4 19. h3 Nce4 20. Nxe4 Nxe4 21. Nb5
a6 22. Bb4 Qe5 23. Rxc8 Rxc8 24. Bxe4 Qxe4 25. Nd6 Qc2 26. Rf1 Rc7 27. Nxb7
Rxb7 28. Qxd5 Qc8 29. Rd1 Bxb2 30. Qg5 Rd7 31. Rxd7 Qxd7 32. Qxh4 a5 33. Be7 b5
34. Qe4 Qe8 35. Qb7 Bg7 36. Qa7 a4 37. Qc5 Bf8 38. Bxf8 Qxf8 39. Qc3 Qd6 40.
Qc8+ Kg7 41. Qc3+ Kg8 42. Qc8+ Kh7 43. Qb7 Qd1+ 44. Kh2 Qb3 45. Qe7 Qc4 46. Qd7
Qe6 47. Qd4 Qc4 48. Qd7 Kg7 49. Qe7 b4 50. axb4 a3 51. b5 a2 52. Qa7 Qc2 53. b6
Qxf2 54. b7 Qb2 55. b8=Q Qxb8+ 56. Qxb8 a1=Q 57. Qd6 Qf1 58. Qf4 Qe2 59. e4 Qb2
60. e5 Qb6 61. Qd2 Qe6 62. Qd4 Kh7 63. Qh4+ Kg7 64. Qf4 Qb6 65. h4 Qd8 66. Qg5
Qd1 67. Qf6+ Kg8 68. Qg5 Kg7 1/2-1/2

[Event "18. Open de Sants Hostafrancs 2016"]
[Site "Barcelona ESP"]
[Date "2016.08.26"]
[Round "8.49"]
[White "Zwirs, Nico"]
[Black "Rasch, Holger"]
[Result "1-0"]
[WhiteElo "2374"]
[BlackElo "2221"]
[PlyCount "73"]
[EventDate "2016.08.19"]
[EventType "swiss"]
[EventRounds "10"]
[EventCountry "ESP"]
[SourceTitle "Ajedrez en Madrid"]
[Source "lmi"]
[SourceDate "2016.08.19"]

1. e4 c5 2. Nf3 e6 3. g3 Nc6 4. Bg2 Qc7 5. O-O Nf6 6. Qe2 Be7 7. Rd1 a6 8. c3
O-O 9. d4 cxd4 10. cxd4 d5 11. e5 Ne4 12. Ne1 h6 13. Be3 Bd7 14. f3 Ng5 15. Nc3
f5 16. Nd3 b5 17. Rac1 Rfc8 18. h4 Nh7 19. f4 Rd8 20. Nxd5 exd5 21. Bxd5+ Kh8
22. e6 Qd6 23. Qg2 Bxe6 24. Bxc6 Bd5 25. Bxd5 Qxd5 26. Ne5 Kg8 27. Nc6 Qxg2+
28. Kxg2 Rd7 29. d5 Nf6 30. Nxe7+ Rxe7 31. Kf3 Rae8 32. Bg1 Re2 33. d6 Ng4 34.
Rd3 g5 35. hxg5 hxg5 36. fxg5 R8e4 37. Rc5 1-0

[Event "18. Open de Sants Hostafrancs 2016"]
[Site "Barcelona ESP"]
[Date "2016.08.26"]
[Round "8.50"]
[White "Hansen, Mads"]
[Black "Ayza Leon, David"]
[Result "1-0"]
[WhiteElo "2344"]
[BlackElo "2215"]
[PlyCount "117"]
[EventDate "2016.08.19"]
[EventType "swiss"]
[EventRounds "10"]
[EventCountry "ESP"]
[SourceTitle "Ajedrez en Madrid"]
[Source "lmi"]
[SourceDate "2016.08.19"]

1. e4 e5 2. Nf3 Nc6 3. Bb5 a6 4. Ba4 Nf6 5. O-O Be7 6. Re1 b5 7. Bb3 Bb7 8. d4
d6 9. c3 O-O 10. Nbd2 Nd7 11. Nf1 Na5 12. Bc2 c5 13. Ng3 g6 14. Bh6 Re8 15. d5
Nc4 16. b3 Ncb6 17. Nd2 Bg5 18. Bxg5 Qxg5 19. a4 bxa4 20. bxa4 a5 21. Bd3 Ba6
22. Bxa6 Rxa6 23. Qe2 Raa8 24. Reb1 Rec8 25. Ngf1 Qd8 26. Ne3 Qc7 27. Ndc4 Nxc4
28. Nxc4 Rcb8 29. Qc2 Ra7 30. Rxb8+ Qxb8 31. Rb1 Qc7 32. Qb3 Kf8 33. Qb5 Ke7
34. Qc6 Qxc6 35. dxc6 Nf6 36. Rb8 Rc7 37. Rb7 Kd8 38. f3 Rxb7 39. cxb7 Kc7 40.
Nxd6 Nd7 41. Nc4 Kxb7 42. Nxa5+ Ka6 43. Nc4 f6 44. g4 Nb6 45. Nd6 Nxa4 46. Ne8
Nxc3 47. Nxf6 c4 48. Kf2 Kb5 49. Nd7 Na2 50. Ke2 Kb4 51. Nxe5 c3 52. Nd3+ Kc4
53. f4 c2 54. Kd2 Nc3 55. e5 Nd5 56. f5 gxf5 57. gxf5 Nc7 58. Nf4 Kc5 59. f6
1-0

[Event "18. Open de Sants Hostafrancs 2016"]
[Site "Barcelona ESP"]
[Date "2016.08.26"]
[Round "8.51"]
[White "Brociner, Beniamino"]
[Black "Vidarte Morales, Arturo"]
[Result "0-1"]
[WhiteElo "2184"]
[BlackElo "2324"]
[PlyCount "94"]
[EventDate "2016.08.19"]
[EventType "swiss"]
[EventRounds "10"]
[EventCountry "ESP"]
[SourceTitle "Ajedrez en Madrid"]
[Source "lmi"]
[SourceDate "2016.08.19"]

1. e4 d6 2. d4 g6 3. Nc3 Bg7 4. h3 c6 5. Nf3 b5 6. a3 Bb7 7. Bf4 a6 8. e5 d5 9.
Bd3 e6 10. h4 h6 11. h5 g5 12. Bg3 Nd7 13. b4 a5 14. Ne2 Ne7 15. O-O Nb6 16.
Nd2 Nf5 17. c3 a4 18. Bh2 g4 19. Bxf5 exf5 20. e6 fxe6 21. Nf4 Kd7 22. Re1 Re8
23. Qc2 Qg5 24. Nd3 Bf8 25. Re2 Nc4 26. Nxc4 dxc4 27. Nc5+ Bxc5 28. dxc5 Ke7
29. Rd1 Rad8 30. Bd6+ Kf7 31. Re5 Qxh5 32. Qe2 Qg6 33. Re3 h5 34. Bc7 Rd5 35.
Rxd5 cxd5 36. Be5 h4 37. Bd4 Bc6 38. g3 Qh5 39. Qe1 Qh6 40. gxh4 Qxh4 41. f4 g3
42. Qe2 g2 43. Qe1 Qh1+ 44. Kf2 Qh2 45. Qg1 Qxf4+ 46. Rf3 Qd2+ 47. Kg3 Rg8+ 0-1

[Event "18. Open de Sants Hostafrancs 2016"]
[Site "Barcelona ESP"]
[Date "2016.08.27"]
[Round "9.1"]
[White "Zeng, Chongsheng"]
[Black "Cori, Jorge"]
[Result "1-0"]
[WhiteElo "2538"]
[BlackElo "2601"]
[PlyCount "55"]
[EventDate "2016.08.19"]
[EventType "swiss"]
[EventRounds "10"]
[EventCountry "ESP"]
[SourceTitle "Ajedrez en Madrid"]
[Source "lmi"]
[SourceDate "2016.08.19"]

1. e4 c5 2. Nf3 d6 3. d4 cxd4 4. Nxd4 Nf6 5. Nc3 a6 6. h3 Nc6 7. Be3 e5 8. Nde2
Be6 9. Nd5 Bxd5 10. exd5 Ne7 11. c4 Nf5 12. Bg5 Be7 13. Qc2 Nd7 14. Bd2 Nh4 15.
O-O-O Rc8 16. g3 Nf3 17. Bc3 O-O 18. Kb1 Qb6 19. Qf5 Qxf2 20. Qxd7 Bg5 21. h4
Be3 22. Qh3 Rxc4 23. Qg2 e4 24. Qxf2 Bxf2 25. Bg2 Re8 26. Rhf1 Bb6 27. Bxf3
exf3 28. Nd4 1-0

[Event "18. Open de Sants Hostafrancs 2016"]
[Site "Barcelona ESP"]
[Date "2016.08.27"]
[Round "9.2"]
[White "Wan, Yunguo"]
[Black "Bachmann, Axel"]
[Result "1-0"]
[WhiteElo "2458"]
[BlackElo "2656"]
[PlyCount "99"]
[EventDate "2016.08.19"]
[EventType "swiss"]
[EventRounds "10"]
[EventCountry "ESP"]
[SourceTitle "Ajedrez en Madrid"]
[Source "lmi"]
[SourceDate "2016.08.19"]

1. e4 e5 2. Nf3 Nc6 3. Bb5 a6 4. Ba4 d6 5. Bxc6+ bxc6 6. O-O Nf6 7. Re1 Be7 8.
d4 exd4 9. Nxd4 Bd7 10. Nc3 O-O 11. Bf4 c5 12. Nf3 Be6 13. Qd3 Nd7 14. b3 Nb6
15. Qd2 Qd7 16. Rad1 Rfe8 17. h3 Bf8 18. Ng5 Qc6 19. Nxe6 Rxe6 20. f3 Rae8 21.
Kh2 Qb7 22. Bg3 g6 23. a4 Bg7 24. a5 Nd7 25. Nd5 Nf6 26. Nf4 R6e7 27. Bh4 Re5
28. Nd3 R5e6 29. e5 Nd7 30. exd6 cxd6 31. Bg3 d5 32. Rxe6 fxe6 33. h4 h6 34.
Nf4 Nf8 35. Qd3 Kf7 36. Re1 d4 37. Qc4 Qb5 38. Nd3 Nd7 39. Bd6 Bf8 40. Bxf8
Kxf8 41. Rxe6 Qxc4 42. Rxe8+ Kxe8 43. bxc4 Ke7 44. Kg3 Kd6 45. Kf4 Nf8 46. Ke4
Nh7 47. g4 Nf6+ 48. Kf4 Nd7 49. g5 h5 50. Ke4 1-0

[Event "18. Open de Sants Hostafrancs 2016"]
[Site "Barcelona ESP"]
[Date "2016.08.27"]
[Round "9.3"]
[White "Ma, Qun"]
[Black "Reshef, Omer"]
[Result "1-0"]
[WhiteElo "2621"]
[BlackElo "2420"]
[PlyCount "69"]
[EventDate "2016.08.19"]
[EventType "swiss"]
[EventRounds "10"]
[EventCountry "ESP"]
[SourceTitle "Ajedrez en Madrid"]
[Source "lmi"]
[SourceDate "2016.08.19"]

1. e4 e5 2. Nf3 Nf6 3. Nxe5 d6 4. Nf3 Nxe4 5. Nc3 Nxc3 6. dxc3 Nc6 7. Be3 Be7
8. Qd2 Be6 9. O-O-O Qd7 10. Kb1 a6 11. h4 h6 12. Nd4 Nxd4 13. Bxd4 Rg8 14. c4
O-O-O 15. Qc3 g6 16. g3 d5 17. c5 c6 18. b4 Rde8 19. a4 Bd8 20. b5 axb5 21.
axb5 cxb5 22. Qb4 Qc7 23. Kb2 Bd7 24. Ra1 Bc6 25. h5 f5 26. hxg6 Rxg6 27. Ra8+
Kd7 28. Bd3 Ke6 29. g4 Kf7 30. Bxf5 Rf6 31. Qd2 Rxf5 32. gxf5 Bg5 33. Qxg5 hxg5
34. Rh7+ Kg8 35. Rxe8+ 1-0

[Event "18. Open de Sants Hostafrancs 2016"]
[Site "Barcelona ESP"]
[Date "2016.08.27"]
[Round "9.4"]
[White "Cruz, Cristhian"]
[Black "Delorme, Axel"]
[Result "1/2-1/2"]
[WhiteElo "2533"]
[BlackElo "2500"]
[PlyCount "25"]
[EventDate "2016.08.19"]
[EventType "swiss"]
[EventRounds "10"]
[EventCountry "ESP"]
[SourceTitle "Ajedrez en Madrid"]
[Source "lmi"]
[SourceDate "2016.08.19"]

1. d4 Nf6 2. c4 e6 3. g3 Bb4+ 4. Bd2 Bxd2+ 5. Qxd2 O-O 6. Bg2 d5 7. Nf3 Nbd7 8.
O-O c6 9. Qc2 b6 10. Nbd2 Bb7 11. e4 c5 12. exd5 exd5 13. dxc5 1/2-1/2

[Event "18. Open de Sants Hostafrancs 2016"]
[Site "Barcelona ESP"]
[Date "2016.08.27"]
[Round "9.5"]
[White "Gomez Garrido, Camilo Ernesto"]
[Black "Baghdasaryan, Vahe"]
[Result "1/2-1/2"]
[WhiteElo "2560"]
[BlackElo "2488"]
[PlyCount "52"]
[EventDate "2016.08.19"]
[EventType "swiss"]
[EventRounds "10"]
[EventCountry "ESP"]
[SourceTitle "Ajedrez en Madrid"]
[Source "lmi"]
[SourceDate "2016.08.19"]

1. d4 Nf6 2. c4 c6 3. Nf3 d5 4. e3 Bf5 5. Nc3 e6 6. Nh4 Be4 7. f3 Bg6 8. Qb3
Qc7 9. Bd2 Be7 10. g3 a6 11. Rc1 dxc4 12. Bxc4 c5 13. dxc5 Nc6 14. Nxg6 hxg6
15. Qb6 Qb8 16. Na4 Rxh2 17. Rxh2 Qxg3+ 18. Rf2 Ne4 19. fxe4 Rd8 20. Qxd8+ Bxd8
21. Kf1 Bg5 22. Nc3 Qh3+ 23. Kg1 Qg3+ 24. Kf1 Qh3+ 25. Kg1 Qg3+ 26. Kf1 Qh3+
1/2-1/2

[Event "18. Open de Sants Hostafrancs 2016"]
[Site "Barcelona ESP"]
[Date "2016.08.27"]
[Round "9.6"]
[White "Debashis, Das"]
[Black "Sasikiran, Krishnan"]
[Result "0-1"]
[WhiteElo "2459"]
[BlackElo "2658"]
[PlyCount "62"]
[EventDate "2016.08.19"]
[EventType "swiss"]
[EventRounds "10"]
[EventCountry "ESP"]
[SourceTitle "Ajedrez en Madrid"]
[Source "lmi"]
[SourceDate "2016.08.19"]

1. d4 e6 2. c4 f5 3. g3 Nf6 4. Bg2 c6 5. Nf3 d5 6. O-O Bd6 7. Nc3 O-O 8. Qc2
Qe7 9. Bf4 Bxf4 10. gxf4 Nbd7 11. Ne5 Ng4 12. cxd5 exd5 13. Nf3 Ndf6 14. h3 Nh6
15. e3 Ne4 16. Ne2 Rf6 17. Ne5 Nf7 18. f3 Ned6 19. Rae1 Rh6 20. Nc1 Be6 21.
Ncd3 Nc4 22. Nxf7 Bxf7 23. Ne5 Nxe5 24. fxe5 f4 25. exf4 Qh4 26. f5 Qxd4+ 27.
Kh1 Qf4 28. e6 Bh5 29. e7 Re8 30. Qc5 Qxf5 31. Qxa7 Qd7 0-1

[Event "18. Open de Sants Hostafrancs 2016"]
[Site "Barcelona ESP"]
[Date "2016.08.27"]
[Round "9.7"]
[White "Timofeev, Artyom"]
[Black "Alvarez Pedraza, Aramis"]
[Result "1-0"]
[WhiteElo "2596"]
[BlackElo "2483"]
[PlyCount "81"]
[EventDate "2016.08.19"]
[EventType "swiss"]
[EventRounds "10"]
[EventCountry "ESP"]
[SourceTitle "Ajedrez en Madrid"]
[Source "lmi"]
[SourceDate "2016.08.19"]

1. e4 e6 2. d4 d5 3. exd5 exd5 4. Nf3 c6 5. Bd3 Bd6 6. c3 Bg4 7. O-O Ne7 8. Re1
Qc7 9. h3 Bh5 10. Qe2 Bg6 11. Bxg6 hxg6 12. Bg5 f6 13. Bh4 Qd7 14. Bg3 Na6 15.
Nbd2 Nc7 16. Nb3 Na6 17. Bxd6 Qxd6 18. Na5 Qd7 19. Nxc6 bxc6 20. Qxa6 Kf7 21.
Re2 Rhe8 22. Rae1 Nf5 23. Rxe8 Rxe8 24. Rxe8 Kxe8 25. Nd2 Ne7 26. a4 g5 27. Qe2
c5 28. dxc5 Qxa4 29. Nf3 Qe4 30. Nd4 a5 31. Qd1 Ng6 32. Qa4+ Kf8 33. Qc2 Qxc2
34. Nxc2 Nf4 35. b4 a4 36. b5 Ke7 37. b6 Kd8 38. Nb4 Ne6 39. c6 Nc5 40. Nxd5 a3
41. b7 1-0

[Event "18. Open de Sants Hostafrancs 2016"]
[Site "Barcelona ESP"]
[Date "2016.08.27"]
[Round "9.9"]
[White "Moussard, Jules"]
[Black "Barrientos, Sergio E"]
[Result "1-0"]
[WhiteElo "2539"]
[BlackElo "2466"]
[PlyCount "115"]
[EventDate "2016.08.19"]
[EventType "swiss"]
[EventRounds "10"]
[EventCountry "ESP"]
[SourceTitle "Ajedrez en Madrid"]
[Source "lmi"]
[SourceDate "2016.08.19"]

1. Nf3 Nf6 2. g3 e6 3. Bg2 d5 4. O-O Be7 5. b3 O-O 6. Bb2 b6 7. c4 Bb7 8. d4
Nbd7 9. Nbd2 c5 10. cxd5 Nxd5 11. a3 Rc8 12. dxc5 Nxc5 13. b4 Nd7 14. Qb3 N5f6
15. Rfd1 Qc7 16. Rac1 Qb8 17. Nd4 Rxc1 18. Rxc1 Bxg2 19. Kxg2 Rc8 20. Nc6 Qa8
21. Qf3 Bc5 22. Ne5 Nxe5 23. Bxe5 Be7 24. Qxa8 Rxa8 25. Rc7 Kf8 26. Nc4 Nd5 27.
Rb7 Rc8 28. e4 Nf6 29. Bd6 Bxd6 30. Nxd6 Rd8 31. Nxf7 Rd7 32. Rxd7 Nxd7 33. Ng5
Ke7 34. f4 a5 35. Nf3 axb4 36. axb4 Nf6 37. e5 Nd5 38. b5 h6 39. Nd4 g6 40. Kf3
Kf7 41. Ke4 Nc3+ 42. Kd3 Nd5 43. Ne2 g5 44. Nc3 Nc7 45. Ke4 Kg6 46. g4 gxf4 47.
Kxf4 h5 48. g5 h4 49. Kg4 h3 50. Ne2 Nxb5 51. Nf4+ Kf7 52. g6+ Kg7 53. Kg5 Nd4
54. Nh5+ Kg8 55. g7 Kh7 56. Kf6 Nf3 57. Kxe6 b5 58. Kf6 1-0

[Event "18. Open de Sants Hostafrancs 2016"]
[Site "Barcelona ESP"]
[Date "2016.08.27"]
[Round "9.10"]
[White "Colmenares, Aurelio"]
[Black "Schroeder, Jan-christian"]
[Result "1/2-1/2"]
[WhiteElo "2350"]
[BlackElo "2523"]
[PlyCount "64"]
[EventDate "2016.08.19"]
[EventType "swiss"]
[EventRounds "10"]
[EventCountry "ESP"]
[SourceTitle "Ajedrez en Madrid"]
[Source "lmi"]
[SourceDate "2016.08.19"]

1. e4 d6 2. d4 Nf6 3. Nc3 e5 4. Nf3 Nbd7 5. Bc4 Be7 6. a4 O-O 7. O-O a5 8. h3
exd4 9. Nxd4 Nb6 10. Bb3 Nfd7 11. Nd5 Nxd5 12. exd5 Nc5 13. Bc4 Bf6 14. c3 Bd7
15. Nb5 Re8 16. Re1 Rxe1+ 17. Qxe1 Bf5 18. Be3 Qd7 19. Qd1 Be5 20. Nd4 Bg6 21.
Bb5 Qe7 22. b4 Ne4 23. Rc1 Qf6 24. f3 Ng3 25. Qd2 h6 26. f4 Bxd4 27. Bxd4 Qh4
28. Qf2 Be4 29. Re1 Bxd5 30. Bd7 Bc6 31. Bxc6 bxc6 32. Qf3 Nf5 1/2-1/2

[Event "18. Open de Sants Hostafrancs 2016"]
[Site "Barcelona ESP"]
[Date "2016.08.27"]
[Round "9.11"]
[White "Lorenzo De La Riva, Lazaro"]
[Black "Vera Siguenas, Deivy"]
[Result "1/2-1/2"]
[WhiteElo "2355"]
[BlackElo "2496"]
[PlyCount "114"]
[EventDate "2016.08.19"]
[EventType "swiss"]
[EventRounds "10"]
[EventCountry "ESP"]
[SourceTitle "Ajedrez en Madrid"]
[Source "lmi"]
[SourceDate "2016.08.19"]

1. e4 c5 2. Nf3 d6 3. d4 cxd4 4. Nxd4 Nf6 5. Nc3 Nc6 6. Bg5 e6 7. Qd2 a6 8.
O-O-O Bd7 9. f4 Be7 10. Nf3 b5 11. Bxf6 gxf6 12. Kb1 Qb6 13. f5 O-O-O 14. Ne2
Kb8 15. Ned4 Ne5 16. Bd3 Bc8 17. Rhe1 Nxf3 18. Nxf3 Bb7 19. Qh6 Rdg8 20. Re2
Qc5 21. Rc1 Ka8 22. h3 d5 23. fxe6 fxe6 24. exd5 Bxd5 25. Qf4 Rc8 26. Be4 Rhd8
27. Bxd5+ Qxd5 28. Qe3 e5 29. g4 Rc4 30. Rd2 Qb7 31. Nh4 Rdc8 32. Nf5 Bb4 33.
Rdd1 Qc6 34. a3 Bc5 35. Qe2 Rf4 36. Rf1 Rxf1 37. Rxf1 Rd8 38. Ng3 Rd4 39. Nh5
Rd6 40. g5 fxg5 41. Qxe5 h6 42. Ng3 Re6 43. Qg7 Re7 44. Qg8+ Re8 45. Qh7 Re7
46. Qd3 Rd7 47. Qb3 Ka7 48. Rf7 Qc7 49. Rxd7 Qxd7 50. Ne4 Bb6 51. Ka2 Qc7 52.
Kb1 Qd7 53. Qf3 Qd5 54. Qe2 Qc4 55. Qf3 Qd5 56. Qe2 Qc4 57. Qf3 Qd5 1/2-1/2

[Event "18. Open de Sants Hostafrancs 2016"]
[Site "Barcelona ESP"]
[Date "2016.08.27"]
[Round "9.12"]
[White "Movsziszian, Karen"]
[Black "Cruz, Jonathan"]
[Result "1/2-1/2"]
[WhiteElo "2495"]
[BlackElo "2433"]
[PlyCount "108"]
[EventDate "2016.08.19"]
[EventType "swiss"]
[EventRounds "10"]
[EventCountry "ESP"]
[SourceTitle "Ajedrez en Madrid"]
[Source "lmi"]
[SourceDate "2016.08.19"]

1. g3 e5 2. Bg2 Nc6 3. d3 Bc5 4. c3 a6 5. Nf3 Ba7 6. e4 d6 7. O-O Nge7 8. Be3
O-O 9. Bxa7 Rxa7 10. Nbd2 f5 11. Qb3+ Kh8 12. Ng5 Qe8 13. f4 h6 14. Nh3 fxe4
15. Nxe4 Bxh3 16. Bxh3 exf4 17. Rxf4 Rxf4 18. gxf4 d5 19. Nf2 Qf7 20. Bg2 Qxf4
21. Bxd5 Na5 22. Qa3 Nxd5 23. Qxa5 Qg5+ 24. Kh1 Qf5 25. Qa4 c6 26. Qh4 Qf3+ 27.
Kg1 Nf4 28. Qg4 Qxg4+ 29. Nxg4 Nxd3 30. Rd1 Nxb2 31. Rd7 Na4 32. c4 Nb6 33.
Rd8+ Kh7 34. Ne5 Ra8 35. Rxa8 Nxa8 36. Kf2 Nb6 37. Ke3 c5 38. Ke4 g6 39. Nd3
Nxc4 40. Kd5 b5 41. Kxc5 g5 42. Nb4 h5 43. Nxa6 g4 44. Nb4 h4 45. Nd3 Na3 46.
Kb4 g3 47. hxg3 hxg3 48. Nf4 Nb1 49. Kxb5 Nc3+ 50. Kc4 Nxa2 51. Kd3 Kh6 52. Ke3
Kg5 53. Ne2 Kg4 54. Nxg3 Kxg3 1/2-1/2

[Event "18. Open de Sants Hostafrancs 2016"]
[Site "Barcelona ESP"]
[Date "2016.08.27"]
[Round "9.13"]
[White "Rios, Cristhian Camilo"]
[Black "Brochet, Philippe"]
[Result "0-1"]
[WhiteElo "2490"]
[BlackElo "2401"]
[PlyCount "92"]
[EventDate "2016.08.19"]
[EventType "swiss"]
[EventRounds "10"]
[EventCountry "ESP"]
[SourceTitle "Ajedrez en Madrid"]
[Source "lmi"]
[SourceDate "2016.08.19"]

1. d4 d5 2. c4 dxc4 3. Nf3 Nf6 4. e3 Bg4 5. Bxc4 e6 6. Qb3 Bxf3 7. gxf3 c5 8.
Qxb7 Nbd7 9. Nc3 cxd4 10. exd4 Be7 11. Bf4 O-O 12. Bc7 Qe8 13. O-O-O Nb6 14.
Bb5 Qc8 15. Bc6 Nfd5 16. Nxd5 Nxd5 17. Qxa8 Qxc7 18. Qb7 Rc8 19. Qxc7 Rxc7 20.
Kb1 Rxc6 21. Rc1 Rc7 22. Rxc7 Nxc7 23. Rc1 Bd6 24. h3 Kf8 25. b4 Nb5 26. a4
Nxd4 27. b5 Ke7 28. Rc4 Nxf3 29. Kc2 Kd7 30. a5 Bc7 31. Ra4 Kc8 32. Kd3 Kb7 33.
Kc4 Nd2+ 34. Kc3 Nf3 35. Kc4 Ne5+ 36. Kd4 g5 37. Ra3 h5 38. Ra2 h4 39. Rc2 g4
40. hxg4 h3 41. Ke4 h2 42. Rc1 f5+ 43. gxf5 exf5+ 44. Kxf5 Nd3 45. Rf1 Nxf2 46.
b6 Bxb6 0-1

[Event "18. Open de Sants Hostafrancs 2016"]
[Site "Barcelona ESP"]
[Date "2016.08.27"]
[Round "9.14"]
[White "Stella, Andrea"]
[Black "Kunin, Vitaly"]
[Result "1/2-1/2"]
[WhiteElo "2415"]
[BlackElo "2592"]
[PlyCount "76"]
[EventDate "2016.08.19"]
[EventType "swiss"]
[EventRounds "10"]
[EventCountry "ESP"]
[SourceTitle "Ajedrez en Madrid"]
[Source "lmi"]
[SourceDate "2016.08.19"]

1. Nf3 Nf6 2. c4 e6 3. g3 a6 4. Bg2 b5 5. b3 Bb7 6. O-O c5 7. Nc3 Qa5 8. Bb2 d6
9. Re1 Nbd7 10. e4 Be7 11. d4 cxd4 12. Nxd4 bxc4 13. e5 dxe5 14. Bxb7 exd4 15.
Qxd4 Rb8 16. Bc6 Rd8 17. Qxc4 O-O 18. Bg2 Ne5 19. Qa4 Qc5 20. b4 Qc7 21. Nd5
Rxd5 22. Bxd5 Nd3 23. Bxf6 Bxf6 24. Be4 Nxe1 25. Rxe1 Qc4 26. Qc2 Qxb4 27.
Bxh7+ Kh8 28. Rb1 Qa5 29. Bd3 Rd8 30. Qe2 g6 31. Rb7 Qc3 32. Rxf7 Rxd3 33. Rxf6
Qxf6 34. Qxd3 Qa1+ 35. Kg2 Qxa2 36. Qd8+ Kg7 37. Qe7+ Kg8 38. Qe8+ Kg7 1/2-1/2

[Event "18. Open de Sants Hostafrancs 2016"]
[Site "Barcelona ESP"]
[Date "2016.08.27"]
[Round "9.15"]
[White "Lapshun, Yury"]
[Black "Ortiz Suarez, Isan Reynaldo"]
[Result "1-0"]
[WhiteElo "2396"]
[BlackElo "2564"]
[PlyCount "81"]
[EventDate "2016.08.19"]
[EventType "swiss"]
[EventRounds "10"]
[EventCountry "ESP"]
[SourceTitle "Ajedrez en Madrid"]
[Source "lmi"]
[SourceDate "2016.08.19"]

1. e4 c5 2. Nf3 d6 3. d4 cxd4 4. Nxd4 Nf6 5. Nc3 a6 6. h3 e6 7. g4 h6 8. Bg2
Nc6 9. Be3 Be7 10. f4 Nd7 11. O-O Nxd4 12. Qxd4 O-O 13. Qd2 Rb8 14. Ba7 Ra8 15.
Be3 b5 16. h4 Bb7 17. g5 hxg5 18. hxg5 Re8 19. Rad1 Bf8 20. Qf2 b4 21. Na4 Rc8
22. Nb6 Nxb6 23. Bxb6 Qd7 24. Rd3 Rc6 25. Bd4 e5 26. Qh4 Rxc2 27. f5 Rxg2+ 28.
Kxg2 Bxe4+ 29. Qxe4 exd4 30. Qxd4 Re2+ 31. Rf2 Qe7 32. g6 Re5 33. Rg3 Qb7+ 34.
Kh2 Re4 35. Qd1 d5 36. Qh5 Bd6 37. Qh7+ Kf8 38. f6 Bxg3+ 39. Kg2 gxf6 40. g7+
Ke7 41. g8=Q 1-0

[Event "18. Open de Sants Hostafrancs 2016"]
[Site "Barcelona ESP"]
[Date "2016.08.27"]
[Round "9.16"]
[White "Aguero Jimenez, Luis Lazaro"]
[Black "Jakubowski, Krzysztof"]
[Result "1/2-1/2"]
[WhiteElo "2388"]
[BlackElo "2548"]
[PlyCount "78"]
[EventDate "2016.08.19"]
[EventType "swiss"]
[EventRounds "10"]
[EventCountry "ESP"]
[SourceTitle "Ajedrez en Madrid"]
[Source "lmi"]
[SourceDate "2016.08.19"]

1. e4 c5 2. Nf3 e6 3. d4 cxd4 4. Nxd4 Nf6 5. Nc3 d6 6. Be3 a6 7. a4 Nc6 8. Be2
Be7 9. O-O O-O 10. Kh1 Qc7 11. f4 Na5 12. Bf3 Nc4 13. Bc1 Nd7 14. g4 Re8 15. g5
Bf8 16. Bg2 b6 17. Rf3 Bb7 18. Rh3 g6 19. b3 Na5 20. Ba3 Rac8 21. Qg4 Bg7 22.
Rd1 Nf8 23. Nde2 Rcd8 24. Rhd3 Rd7 25. Qh3 d5 26. exd5 exd5 27. f5 gxf5 28.
Bxf8 Kxf8 29. Nd4 Rde7 30. Bxd5 Qxc3 31. Rxc3 Bxd5+ 32. Kg1 Bxd4+ 33. Kf1 Bxc3
34. Qxc3 Re5 35. Rxd5 Rxd5 36. Qh8+ Ke7 37. Qf6+ Kf8 38. Qh8+ Ke7 39. Qf6+ Kf8
1/2-1/2